Atlas práctico de ecología médica aplicado a la alergología
Uloženo v:
| Hlavní autoři: | , |
|---|---|
| Médium: | Kniha |
| Jazyk: | španělština |
| Vydáno: |
Madrid
Schering
1977
|
| Témata: | |
| Tagy: |
Přidat tag
Žádné tagy, Buďte první, kdo vytvoří štítek k tomuto záznamu!
|
MARC
| LEADER | 00000nam a2200000 a 4500 | ||
|---|---|---|---|
| 001 | UCH5519 | ||
| 003 | CL-VaPUC | ||
| 008 | 091014e19770000SP |||||||||||||||||spa|d | ||
| 020 | |a 8440047894 | ||
| 082 | 0 | 4 | |a 574.5 |b GER |2 21 |
| 100 | 0 | |a Gervais, Pierre |e author |9 541811 | |
| 700 | 0 | |a Millet, Bernard |e author |9 541812 | |
| 245 | 1 | 0 | |a Atlas práctico de ecología médica aplicado a la alergología |
| 300 | |a 119 p | ||
| 942 | |c BK | ||
| 945 | |d 20091014 00:00:00 |a ccalabra | ||
| 260 | |a Madrid |b Schering |c 1977 | ||
| 650 | 0 | |a Educación |9 258661 | |
| 650 | 0 | |a Ciencias naturales |9 260542 | |
| 650 | 0 | |a Ecología |9 258124 | |
| 650 | 0 | |a Medio ambiente |9 257625 | |
| 650 | 0 | |a Salud |9 258663 | |
| 583 | |a last modification |c 20091014 00:00:00 |k Rodrigo Vera | ||
| 999 | |c 336649 |d 336647 | ||